French Governments - Statistics

General Stats
  • This quiz has been taken 61 times
  • The average score is 10 of 11
Answer Stats
Hint Answer % Correct
1958-Present Fifth Republic
98%
1792-1804 First Republic
98%
1944-1958 Fourth Republic
98%
1870-1940 Third Republic
98%
1940-1944 Vichy France
98%
1848-1852 Second Republic
96%
1804-1814 First Empire
89%
1852-1870 Second Empire
89%
987-1792 Ancien Régime
77%
1830-1848 July Monarchy
66%
1814-1830 Bourbon Restoration
60%
No matching quizzes found
Score Distribution
Percent of People with Each Score
Percentile by Number Answered
Your Score History
You have not taken this quiz